000 00505nam a2200169 i 4500
001 34828
003 ES-MaACL
005 20230906155014.0
007 t|
008 030211s1960 sp ||||1| spa d
100 1 _aBonnes, Jean Paul.
_930257
245 1 0 _aDavid y los salmos /
_cJean Paul ; traducción del francés por Cástulo Carrasco.
260 _aMadrid :
_bAguilar,
_c1960.
300 _a208 p. :
_bil. ;
_c18 cm.
700 1 _aCarrasco, Cástulo.
_935524
852 _aES-MaACL
_jC-20256
_bR.47102
999 _c34828
_d34828